Extending the table : (Record no. 1383)

MARC details
000 -LEADER
fixed length control field 01212pam a2200325 a 4500
005 - DATE AND TIME OF LATEST TRANSACTION
control field 20260322212058.0
008 - FIXED-LENGTH DATA ELEMENTS--GENERAL INFORMATION
fixed length control field data
010 ## - LIBRARY OF CONGRESS CONTROL NUMBER
LC control number 91014756
020 ## - INTERNATIONAL STANDARD BOOK NUMBER
International Standard Book Number 083613561X :
Terms of availability {dollar}14.95
020 ## - INTERNATIONAL STANDARD BOOK NUMBER
International Standard Book Number 9780836135619 :
Terms of availability {dollar}14.95
040 ## - CATALOGING SOURCE
Original cataloging agency DLC
Transcribing agency DLC
Modifying agency DLC
050 00 - LIBRARY OF CONGRESS CALL NUMBER
Classification number TX725.A1
Item number S4214 1991
082 00 - DEWEY DECIMAL CLASSIFICATION NUMBER
Classification number 641.59
Edition information 20
092 ## - LOCALLY ASSIGNED DEWEY CALL NUMBER (OCLC)
Classification number 641.59 S4214 1991
001 - CONTROL NUMBER
control field data
245 00 - TITLE STATEMENT
Title Extending the table :
Remainder of title a world community cookbook /
Statement of responsibility, etc. edited by Joetta Handrich Schlabach, Kristina Mast Burnett & Mennonite Central Committee.
260 ## - PUBLICATION, DISTRIBUTION, ETC.
Place of publication, distribution, etc. Scottdale, Pa. :
Name of publisher, distributor, etc. Herald Press,
Date of publication, distribution, etc. c1991.
300 ## - PHYSICAL DESCRIPTION
Extent 332 p. :
Other physical details ill. (some col.) ;
Dimensions 22 cm.
500 ## - GENERAL NOTE
General note Recipes and stories in the spirit of More-with-less cookbook.
500 ## - GENERAL NOTE
General note "Commissioned by Mennonite Central Committee."
500 ## - GENERAL NOTE
General note Includes indexes.
650 #0 - SUBJECT ADDED ENTRY--TOPICAL TERM
Topical term or geographic name entry element International cooking.
655 #0 - INDEX TERM--GENRE/FORM
Genre/form data or focus term Cookbooks.
700 1# - ADDED ENTRY--PERSONAL NAME
Personal name Schlabach, Joetta Handrich.
700 1# - ADDED ENTRY--PERSONAL NAME
Personal name Burnett, Kristina Mast.
710 2# - ADDED ENTRY--CORPORATE NAME
Corporate name or jurisdiction name as entry element Mennonite Central Committee.
906 ## - LOCAL DATA ELEMENT F, LDF (RLIN)
a 7
b cbc
c orignew
d 1
e ocip
f 19
g y-gencatlg
991 ## -
-- c-GenColl
-- TX725.A1
-- S4214 1991
-- 00032890106
-- Copy 1
-- BOOKS
Holdings
Withdrawn status Lost status Damaged status Not for loan Home library Current library Shelving location Date acquired Total checkouts Full call number Barcode Date last seen Price effective from Koha item type
        Fairview Fairview General stacks 22/03/2026   641.59 20 BC0011429 22/03/2026 22/03/2026 Books